00302cam a22000977a 4500008004000000082001600040245006500056260005000121300000800171700002500179180718b1957 xxu||||| |||| 00| 0 eng d aT19x458 Un3 aReport of the Economic Commission: Maltacby Colonial Office aLondonbHer Majesty's Stationery Officec1957 a35p aU.K. Colonial Office